Представление документа в формате MARC21

ПолеНазваниеЗначение
  Тип записи a
  Библиографический уровень m
001 Контрольный номер RU\infra-m\znanium\bibl\1891925
005 Дата корректировки 20230313235255.1
008 Кодируемые данные 220928s2022 RU g rus u
020 Индекс ISBN __
a ISBN 978-5-16-013952-4
020 Индекс ISBN __
a ISBN 978-5-16-107237-0
040 Источник каталогиз. __
a Служба первич. каталог. Общество с ограниченной ответственностью «ЗНАНИУМ»
041 Код языка издания __
a Код языка текста rus
044 Код страны публикации __
a Код страны публикации RU
080 Индекс УДК __
a Индекс УДК 93:379.85(075.8)
084 Индекс другой классификации/Индекс ББК __
2 Источник индекса rubbk
a Индекс другой классификации/Индекс ББК 63.3:75.81я73
084 Индекс другой классификации/Индекс ББК __
2 Источник индекса okso
a Индекс другой классификации/Индекс ББК 43.02.10
100 Автор __
a Автор Багдасарян Вардан Эрнестович
q Полное имя Вардан Эрнестович
245 Заглавие __
a Заглавие История туризма
b Продолж. заглавия Учебное пособие
c Ответственность Московский Государственный Областной Педагогический Университет; Национальный исследовательский университет "Высшая школа экономики"; Крымский федеральный университет им. В.И. Вернадского, структурное подразделение Таврическая академия
250 Сведения об издании __
a Основные сведения об издании 1
260 Выходные данные __
a Место издания Москва
b Издательство ООО "Научно-издательский центр ИНФРА-М"
c Дата издания 2023
300 Физическое описание __
a Объем 190 с.
440 Серия __
a Серия Среднее профессиональное образование
520 Аннотация __
a Аннотация В учебном пособии дается систематический обзор истории мирового туризма позволяющий выявить основные тенденции развития данной сферы и получить общие представления о причинах происходящих трансформаций в туристской отрасли. Вопросы истории туризма рассматриваются в тесной связи с развитием туристского образования и туристской науки в мире и в России. При сохранении преемственности с предшествующей учебной литературой предлагаемое пособие имеет ряд отличий связанных с ориентацией на студентов-историков. Широкий исторический контекст позволяет увидеть туризм как специфическую и во многом самостоятельную сферу человеческой жизнедеятельности.
521 Примеч. о цел. назн. __
a Примеч. о целев. назн. Среднее профессиональное образование
650 Тематические рубрики __
a Основная рубрика Бизнес. Предпринимательство. Сервис
x Основная подрубрика Туристический бизнес
700 Другие авторы __
a Другие авторы Орлов Игорь Борисович
q Полное имя Игорь Борисович
700 Другие авторы __
a Другие авторы Попов Алексей Дмитриевич
q Полное имя Алексей Дмитриевич
856 Электронный адрес документа 4_
a Имя сервера/домена znanium.com
m Помощь ebs_support@infra-m.ru
n Местонахождение сервера НИЦ ИНФРА-М
u URL https://znanium.com/catalog/document?id=418917
856 Электронный адрес документа 41
a Имя сервера/домена znanium.com
d Путь /cover/1891
f Электронное имя 1891925.jpg
q Тип электронного формата image/jpeg
u URL https://znanium.com/cover/1891/1891925.jpg
911 __
u 0030=https://znanium.com/catalog/document?id=418917
911 __
u 608a=Учебное пособие
u 6082=local
911 __
u 712a=Национальный исследовательский университет "Высшая школа экономики"
911 __
u 712a=Крымский федеральный университет им. В.И. Вернадского, структурное подразделение Таврическая академия
911 __
u 9031=925
911 __
u 951p=s://znanium.com/catalog/document?id=418917&pid=